| 000 | 01455cam a2200385 i 4500 | ||
|---|---|---|---|
| 001 | 17287241 | ||
| 003 | OSt | ||
| 005 | 20230606083256.0 | ||
| 008 | 120507s2012 ke abc 001 0aeng | ||
| 010 | _a 2012311370 | ||
| 020 | _a9789966712356 (pbk.) | ||
| 020 | _a9966712356 (pbk.) | ||
| 035 | _a(OCoLC)ocn794838568 | ||
| 040 |
_aDLC _beng _erda _cDLC _dOI@ _dIUL _dOUN _dOCLCF _dDLC |
||
| 042 |
_alcode _alccopycat |
||
| 043 | _af-ke--- | ||
| 082 | 0 | 4 |
_a347.6762014 _223 |
| 100 | 1 |
_aCockar, Abdul Majid, _d1923- _eauthor. |
|
| 245 | 1 | 0 |
_aDoings, non-doings, and mis-doings by Kenya Chief Justices, 1963-1998 / _cby Justice Abdul Majid Cockar E.G.H. |
| 264 | 1 |
_aNairobi, Kenya : _bZand Graphics, Ltd. _c2012. |
|
| 300 |
_ax, 290 pages : _billustrations, maps, portraits ; _c25 cm |
||
| 336 |
_atext _btxt _2rdacontent |
||
| 337 |
_aunmediated _bn _2rdamedia |
||
| 338 |
_avolume _bnc _2rdacarrier |
||
| 500 | _aIncludes index. | ||
| 500 | _a"edited by Zarina Patel"--Cover. | ||
| 600 | 1 | 0 |
_aCockar, Abdul Majid, _d1923- |
| 650 | 0 |
_aJudges _zKenya _vBiography. |
|
| 650 | 7 |
_aJudges. _2fast _0(OCoLC)fst00984490 |
|
| 651 | 7 |
_aKenya. _2fast _0(OCoLC)fst01208718 |
|
| 856 | 4 | 1 |
_3Table of contents only _uhttp://catdir.loc.gov/catdir/toc/fy13pdf02/2012311370.html |
| 906 |
_a7 _bcbc _ccopycat _d2 _encip _f20 _gy-gencatlg |
||
| 942 |
_2ddc _cBK |
||
| 999 |
_c479 _d479 |
||